000 00365nam a2200145 a 4500
005 20140414093837.0
008 021220s19uu xx 00 eng d
050 _aCD 793
_bSon 2002
245 _aLas Ketchup
_bhijas del tomate
260 _aSpain
_bShaketown Music
_cc2002
650 _aTop hits (Female).
650 _aDisco.
942 _cAVM
999 _c109086
_d109086